| 000 | 01008nam a22002897a 4500 | ||
|---|---|---|---|
| 003 | DO-SdBNP | ||
| 005 | 20240529132238.0 | ||
| 006 | a||||er|||| 00| 0 | ||
| 007 | ta | ||
| 008 | 240513e2022 dr ac||| |||| 00| p spa d | ||
| 020 | _a9798858258841 | ||
| 040 |
_aDO-SdBNP _bspa _cBNPHU _erda |
||
| 082 | 4 |
_222 _bD331c |
|
| 100 | 1 |
_aOrbe, Antonio del, _951935 _d1964 _eautor |
|
| 245 | 1 | 0 |
_aCrisantenos / _cAntonio del Orbe; ilustraciones, Augusto José Battle del Orbe |
| 264 |
_aSanto Domingo : _b[no identificado], _c2022 |
||
| 300 |
_a62 páginas : _bilustraciones, retratos ; _c23 cm. |
||
| 336 |
_2rdacontent _atexto _btxt |
||
| 337 |
_2rdamedia _asin mediación _bn |
||
| 338 |
_2rdacarrier _avolumen _bnc |
||
| 500 | _aIncluye datos biográficos del autor en la página 59 y en la contraportada. | ||
| 590 | _aInventariado 2024 / MF | ||
| 650 | 4 |
_aLiteratura dominicana. _967 |
|
| 650 | 0 |
_aPoesía dominicana _978060 |
|
| 700 |
_aBattle del Orbe, Augusto José, _eilustrador _985456 |
||
| 942 |
_2ddc _cLBS1 |
||
| 999 |
_c56651 _d56651 |
||